| 000 | 01331nam a2200217Ia 4500 | ||
|---|---|---|---|
| 999 |
_c38053 _d38053 |
||
| 001 | 4039 | ||
| 003 | GE_BSU | ||
| 005 | 20190514152327.0 | ||
| 008 | 181216s1968|||| |||||||||||||| ||geo|| | ||
| 040 | _cGE_BSU | ||
| 041 | _ageo | ||
| 080 | _a630(035.5) ს-31 | ||
| 245 |
_aსატყეო-ტექნიკური ტერმინოლოგია= Лесо-техническая терминология :რუსულ-ქართული და ქართულ-რუსული ნაწილები / _cშემდგ : რ.ახვლედიანი ; პ/რედ : ვ.გულისაშვილი ; გ.ჯაბუა ; რ.ღამბაშიძე |
||
| 264 |
_aთბილისი .: _bსაბჭოთა საქართველო, _c1968. |
||
| 300 |
_a336 გვ .; _c20 სმ. |
||
| 653 | _aსატყეო-ტექნიკური ტერმინოლოგია | ||
| 700 |
_aგულისაშვილი, ვ _eპასუხისმგებელი რედაქტორი _91111 |
||
| 700 |
_aჯაბუა, გ _eპასუხისმგებელი რედაქტორი _91112 |
||
| 700 |
_aღამბაშიძე, რ _eპასუხისმგებელი რედაქტორი _91113 |
||
| 942 |
_cBK _2udc |
||